Conquista y explotación de los nuevos mundos: siglo XVI

Kaydedildi:
Detaylı Bibliyografya
Yazar: Chaunu, Pierre (Yazar)
Materyal Türü: Kitap
Dil:İspanyolca
Baskı/Yayın Bilgisi: Barcelona Labor 1973
Seri Bilgileri:Nueva Clio: la Historia y sus Problemas
Konular:
Etiketler: Etiketle
Etiket eklenmemiş, İlk siz ekleyin!

MARC

LEADER 00000nam a2200000 a 4500
001 UCH0485
003 CL-VaPUC
008 090312e19730000SP |||||||||||||||||spa|d
020 |a 8433593404 
082 0 4 |a 940.2  |b CHA  |2 21 
100 0 |a Chaunu, Pierre  |e author  |9 534664 
245 1 0 |a Conquista y explotación de los nuevos mundos: siglo XVI 
300 |a 368 p 
942 |c BK 
945 |d 20090312 00:00:00  |a rbrito 
260 |a Barcelona  |b Labor  |c 1973 
650 0 |a Historia de Europa  |9 392003 
650 0 |a Colonización  |9 265172 
651 0 |a Europa  |9 255156 
583 |a last modification  |c 20130105 02:26:47  |k Rodrigo Vera 
490 0 |a Nueva Clio: la Historia y sus Problemas 
999 |c 332782  |d 332780 
952 |0 0  |1 0  |4 0  |6 940_200000000000000_CHA_1973  |7 0  |8 A  |9 420714  |a BIBHIS  |b BIBHIS  |d 2019-11-22  |i 4514661  |o 940.2 CHA 1973  |p 4514661  |r 2025-01-20  |w 2019-11-22  |y BK  |k HIS